Grösste Bahnhöfe in der Schweiz - Statistiken

Allgemein
  • Dieses Quiz wurde 1.211 mal gespielt
  • Das Durchschnittsergebnis liegt bei 15 aus 24
Antwortstatistiken
Rang Bahnhof Reisende pro Tag % Korrekt
1. Zürich HB 471'000
99%
3. Basel SBB 111'000
97%
2. Bern 206'400
96%
10. Genève 70'700
95%
5. Lausanne 102'500
88%
6. Luzern 97'900
86%
14. St. Gallen 48'600
83%
4. Winterthur 109'300
77%
8. Olten 93'000
73%
7. Zürich {Oerlikon} 94'700
69%
12. Biel/Bienne 53'700
64%
13. Zürich {Flughafen ✈} 52'500
63%
17. Aarau 44'800
62%
19. Thun 36'000
59%
16. Zug 46'500
57%
20. Neuchâtel 28'800
55%
9. Zürich {Stadelhofen} 82'800
54%
15. Zürich {Altstetten} 46'500
52%
11. Zürich {Hardbrücke} 59'700
45%
18. Baden 37'600
38%
22. Uster 27'400
25%
24. Stettbach 25'800
20%
23. Lenzburg 26'800
18%
21. Wetzikon 28'700
17%
Keine übereinstimmenden Quizze gefunden
Verteilung der Resultate
Anzahl Personen mit jedem Resultat
Perzentil nach korrekt beantworteten Fragen
Ihre Resultats-Entwicklung
Sie haben dieses Quiz noch nicht gespielt